Transfer of learning : an enduring problem in psychology /
Guardat en:
| Autor principal: | |
|---|---|
| Altres autors: | |
| Format: | Llibre |
| Idioma: | anglès |
| Publicat: |
Princeton, EUA :
Van Nostrand,
1963
|
| Matèries: | |
| Etiquetes: |
Sense etiquetes, Sigues el primer a etiquetar aquest registre!
|
MARC
| LEADER | 00000nam^a2200000^a^4500 | ||
|---|---|---|---|
| 001 | 000014478 | ||
| 005 | 20250521000000.0 | ||
| 009 | 20260310083943.82 | ||
| 037 | |a Acervo ITESO - Biblioteca | ||
| 041 | |a ING | ||
| 082 | |a 154. 4 |b GRO | ||
| 100 | |a Grose, Robert F. |e (ed.) | ||
| 245 | 1 | 0 | |a Transfer of learning : |b an enduring problem in psychology / |c Ed. de R.F. Grose, R.C. Birney.+ |
| 264 | 1 | |a Princeton, EUA : |b Van Nostrand, |c 1963 | |
| 300 | |a 194 p. | ||
| 336 | |a texto |b txt |2 rdacontenido | ||
| 337 | |a sin mediación |b n |2 rdamedio | ||
| 338 | |a volumen |b nc |2 rdasoporte | ||
| 649 | |a XX | ||
| 650 | |a Psicología | ||
| 650 | |a Aprendizaje | ||
| 700 | |a Birney, Robert C. |e (edición) | ||
| 910 | |a Fondo General | ||
| 920 | |a Impresos - Libros | ||
| 930 | |a Colección General | ||
| 905 | |a 101 | ||
| 901 | |a 0500000276 |b IT1 |c ACC |i 014478 |u 20250521 | ||
| 902 | |a https://opac.biblio.iteso.mx/vufind/Record/000014478 | ||